History Quiz

Random History or Classical Quiz

7 Classical Liberal Arts Quiz Stats

 Plays Quiz Updated Mar 4, 2020

Support Sporcle.
Go Orange.
Score 0/7 Timer 03:00
0 Plays Today
Field Subject % Correct
QuadriviumArithmetic
77.4%
QuadriviumMusic
50.7%
TriviumRhetoric
40.2%
QuadriviumAstronomy
36.2%
QuadriviumGeometry
32.3%
TriviumLogic
32.2%
TriviumGrammar
24.6%

You're not logged in!

Compare scores with friends on all Sporcle quizzes.
OR
Log In

From the Vault

European Union Map Quiz

by Hejman

What an exclusive club, that European Union.
Remove Ads.
Support Sporcle.
Get the best of Sporcle when you Go Orange. This ad-free experience offers more features, more stats, and more fun while also helping to support Sporcle. Thank you for becoming a member.

Show Comments

Extras

Top Quizzes Today


Score Distribution

Your Account Isn't Verified!

In order to create a playlist on Sporcle, you need to verify the email address you used during registration. Go to your Sporcle Settings to finish the process.

Report this User

Report this user for behavior that violates our Community Guidelines.

Details: